| 000 | 02780nam a2200361Ia 4500 | ||
|---|---|---|---|
| 001 | 9780203082157 | ||
| 003 | BD-DhSAU | ||
| 005 | 20151012151719.0 | ||
| 006 | m|||||o||d|||||||| | ||
| 007 | cr|||| | ||
| 008 | 131209s2014 enkad ob 001 0 eng d | ||
| 020 | _a9780203082157 (e-book : PDF) | ||
| 040 |
_aBD-DhSAU _cBD-DhSAU |
||
| 090 |
_aH97 _b.N38 2014 |
||
| 092 |
_a320.6 _bN277 |
||
| 245 | 0 | 0 |
_aNational policy-making _h[electronic resource] : _bdomestication of global trends / _cedited by Pertti Alasuutari and Ali Qadir. |
| 260 |
_aAbingdon, Oxon : _bRoutledge, _c2014. |
||
| 300 |
_axix, 209 p. : _bill. |
||
| 490 | 1 |
_aRoutledge advances in sociology ; _v117 |
|
| 504 | _aIncludes bibliographical references and index. | ||
| 505 | 0 | _apt. 1. Cross-national comparisons -- pt. 2. Domestic field battles and naturalization. | |
| 520 |
_a"Notions of social change are often divided into local versus international. But what actually happens at the national level--where policies are ultimately made and implemented--when policymaking is interdependent worldwide? How do policymakers take into account the prior choices of other countries? Far more research is needed on the process of interdependent decision-making in the world polity.National Policy-Making: Domestication of Global Trends offers a unique set of hybrid cases which straddle these disciplinary and conceptual divides. The volume brings together well-researched case studies of policy-making from across the world, which speak to practical issues but also challenge current theories of global influence in local policies. Distancing itself from approaches which conceive narrowly of policy transfer as a 'one-way street' from powerful nations to weaker ones, this book argues instead for an understanding of national decision-making processes that emphasise cross-national comparisons and domestic field battles around the introduction of worldwide models. The case studies in this collection show how national policies appear to be synchronised globally, yet are developed with distinct 'national' flavours. Presenting new theoretical ideas and empirical cases, this book is aimed globally at scholars of political science, international relations, comparative public policy, and sociology"-- _cProvided by publisher. |
||
| 530 | _aAlso available in print edition. | ||
| 538 | _aMode of access: World Wide Web. | ||
| 650 | 0 |
_aPolicy sciences _vCross-cultural studies. |
|
| 650 | 0 |
_aDecision making _vCross-cultural studies. |
|
| 655 | 7 |
_aElectronic books. _2lcsh |
|
| 700 | 1 | _aAlasuutari, Pertti. | |
| 700 | 1 | _aQadir, Ali. | |
| 776 | 1 | _z9780415641234 (hardback) | |
| 830 | 0 |
_aRoutledge advances in sociology ; _v117. |
|
| 856 | 4 | 0 | _uhttp://www.tandfebooks.com/isbn/9780203082157 |
| 999 |
_c12493 _d12492 |
||